000 00334nam a2200133Ia 4500
005 20260328101442.0
008 260328s9999||||xx |||||||||||||| ||und||
100 _aMoia, José Luis
245 0 _aDibujo arquitectónico /
_cJosé Luis Moia
260 _bAmericalee
300 _a314 p.
650 _aDIBUJO ARQUITECTÓNICO
942 _cBK
999 _c8320
_d8320